Вопросы сжигания топлив в парогенераторах: межвузовский сборник

التفاصيل البيبلوغرافية
مؤلف مشترك: Алтайский политехнический институт (АлтПИ)
مؤلفون آخرون: Померанцев В. В. (редактор)
اللغة:الروسية
منشور في: Барнаул, Изд-во Алтайского ГТУ, 1981
الموضوعات:
التنسيق: MixedMaterials كتاب
KOHA link:https://koha.lib.tpu.ru/cgi-bin/koha/opac-detail.pl?biblionumber=118381

MARC

LEADER 00000nam0a2200000 4500
001 118381
005 20231031124115.0
035 |a (RuTPU)RU\TPU\book\128101 
090 |a 118381 
100 |a 20070609d1981 m y0rusy50 ca 
101 0 |a rus 
102 |a RU 
105 |a a z 001zy 
200 1 |a Вопросы сжигания топлив в парогенераторах  |e межвузовский сборник  |f Алтайский политехнический институт (АлтПИ) ; под ред. В. В. Померанцева 
210 |a Барнаул  |c Изд-во Алтайского ГТУ  |d 1981 
215 |a 122 с.  |c ил. 
320 |a Библиогр. в конце ст. 
610 1 |a топливо 
610 1 |a парогенераторы 
610 1 |a сжигание 
610 1 |a проектирование 
610 1 |a эксплуатация 
610 1 |a уголь 
610 1 |a нагрев 
610 1 |a выбросы 
610 1 |a топочные процессы 
675 |a 621.18.17  |v 3 
702 1 |a Померанцев  |b В. В.  |4 340 
712 0 2 |a Алтайский политехнический институт (АлтПИ)  |c (Барнаул)  |2 stltpush  |3 (RuTPU)RU\TPU\col\11271 
801 1 |a RU  |b 63413507  |c 20070609  |g PSBO 
801 2 |a RU  |b 63413507  |c 20110128  |g PSBO 
942 |c BK